00629nam a2200169Ia 4500008004100000020001800041041000800059082001300067100003700080245009100117250000600208260006100214300001200275650002000287999001900307952013300326210716s2007 xx 000 0 und d a9780070620308 aeng a658 KOOH aKoontz, Harold; Weihrich, Heinz. aEssentials of management: an international perspective.bAn international perspective. a7 aNew DelhibTata McGraw Hill Publishing Company Ltdc2007 axxx,475 aManagement(658) c188355d188355 001040708MCAaAIMITbAIMITeHigginbothams Pvt Ltdg250.00l0o658 KOOHpMCA07863r2026-05-23 00:00:00v200.00w2021-07-16yBK